| 000 | 00585nam a2200217 a 4500 | ||
|---|---|---|---|
| 005 | 20140310183510.0 | ||
| 008 | 101020s19uu xx 00 eng d | ||
| 020 | _a9780240521206 | ||
| 050 |
_aTR 899 _b.T49 2009 |
||
| 100 | _aThompson, Roy | ||
| 245 |
_aGrammar of the edit / _cRoy Thompson. |
||
| 250 | _a2nd ed. | ||
| 260 |
_aAmsterdam : _bElsevier, _c2009. |
||
| 300 |
_a212 p. : _bill. ; _c23 cm. |
||
| 521 | _aMC | ||
| 650 |
_aMotion pictures _xEditing. |
||
| 650 |
_aVideo tapes _xEditing. |
||
| 700 | _aBowen, Christopher J. | ||
| 942 |
_cBK _2lcc _kFOR |
||
| 999 |
_c24155 _d24155 |
||